00505nam a2200205Ia 4500003000900000005001700009008004100026040001300067040001300080041000800093100001700101245009700118250000900215260002100224260000900245300001100254300001000265490001800275490000600293IT-RoPAU20220918175739.0120407s9999 xx 000 0 und d aIT-RoPAU cIT-RoPAU aita aAndrea Gemma aReligiosi, oggi e domani. Corso di esercizi spirituali sul rinnovamento della vita religiosa aAlba aEdizioni Paoline c1971 a192 p. c23 cm a1. Religiosi. v1